000 01153nam a2200229Ia 4500
001 10367
003 GE_BSU
008 181216s||||||||xx |||||||||||||| ||und||
040 _cGE_BSU
080 _a821.353.1–31
100 _aუიარაღო,(თათარაშვილი,კონდრატე)
245 _aთხზულებათა სრული კრებული ორ ტომად. ტ.2
245 _bმაძიებელნი.რომანი,ფრაგმენტები
245 _cშეადგ.შესავ.წერილი წაუმძღვარა და შენიშვნ.დაურთო ს.ცაიშვილმა.რედ.გროგოლ.ჩიქოვანი.მხატვ.ი.ჯანაშვილი
260 _aთბილისი
260 _bსაბჭ.მწერალი
260 _c1958
300 _a560გვ.23სმ.
653 _aთხზულებათა სრული კრებული
653 _aმოთხრობები,ნარკვევები და წერილები
942 _cBK
999 _c43632
_d43632